000 00598cam a2200145 4500500
005 20260208010540.0
041 _afre
042 _adc
100 1 0 _aGabaude, Jean-Marc
_eauthor
245 0 0 _aMaria Protopapas-Marneli, La rhétorique des Stoïciens, Paris, L’Harmattan, 2002, coll. « Ouverture philosophique », 224 p., 19 E.
260 _c2005.
500 _a30
786 0 _nRevue philosophique de la France et de l'étranger | 130 | 1 | 2005-03-01 | p. 77zj-130zj | 0035-3833
856 4 1 _uhttps://shs.cairn.info/revue-philosophique-2005-1-page-77zj?lang=fr&redirect-ssocas=7080
999 _c1657076
_d1657076